[Event "XXVII Actius Vallfogona Open"]
[Site "Vallfogona de Balaguer"]
[Date "2019.09.22"]
[Round "1.1"]
[White "Bedoya Ribo, Jordi"]
[Black "Munoz, Miguel"]
[Result "0-1"]
[WhiteElo "1753"]
[BlackElo "2519"]
[Annotator "TA"]
[PlyCount "26"]
[EventDate "2019.09.22"]
[EventCountry "ESP"]
[SourceTitle "playchess.com"]
[Source "ChessBase"]
[SourceQuality "1"]

{[%evp 17,26,61,70,53,62,54,64,0,-2,-278,-270]} 1. d4 c5 2. d5 Nf6 3. c4 g6 4. Nc3 Bg7 5. Nf3 d6 6. e4 O-O 7. Be2 e5 8. O-O Ne8 9. Ne1 f5 10. f3 $146 {E92: King's Indian: Classical: 6 Be2 e5: 7 dxe5, 7 Be3 and Petrosian System without 7...Nbd7} (10. exf5 gxf5 11. f4 Nd7 12. Nd3 e4 13. Nf2 Bxc3 14. bxc3 Ndf6 15. Be3 Ng7 16. Qe1 Bd7 17. Nd1 Ba4 18. h3 Bxd1 19. Qxd1 {0-1 (81) Keymer,V (2516)-Carlsen,M (2845) Karlsruhe/Baden Baden 2019}) 10... f4 11. Nd3 h5 12. b4 (12. Kh1 $14) 12... cxb4 $11 13. Nxb4 $2 {[%mdl 8192] [#]} (13. Na4 $11 {and White is okay.}) 13... Qb6+ {[%mdl 64] Double Attack} 0-1

[Event "XXVII Actius Vallfogona Open"]
[Site "Vallfogona de Balaguer"]
[Date "2019.09.22"]
[Round "1.2"]
[White "Sosa, Tomas"]
[Black "Rodon Balcells, Jaume"]
[Result "1-0"]
[WhiteElo "2524"]
[BlackElo "1841"]
[Annotator "TA"]
[PlyCount "79"]
[EventDate "2019.09.22"]
[EventCountry "ESP"]
[SourceTitle "playchess.com"]
[Source "ChessBase"]
[SourceQuality "1"]

{[%evp 9,79,-32,8,-3,19,13,13,2,37,46,59,37,35,35,34,35,41,46,81,39,43,44,98,20,84,66,218,203,218,206,209,206,230,241,229,213,249,245,263,260,250,217,217,227,216,224,216,201,201,201,223,227,383,400,400,360,391,390,383,388,443,420,601,543,678,672,869,861,5289,4210,1775,1636]} 1. e4 e5 2. Nf3 d5 3. d3 (3. exd5 e4 4. Qe2 Nf6 5. Nc3 Be7 6. Nxe4 O-O 7. d3 Nxd5 8. Qd1 Nc6 9. Be2 Bf5 10. O-O Qd7 11. Bd2 Rfe8 12. c3 Rad8 13. Qc2 Nf6 14. Rad1 {1-0 (65) Movsesian,S (2721)-Vachier Lagrave,M (2703) Moscow 2010}) 3... dxe4 4. dxe4 Qxd1+ 5. Kxd1 Bg4 6. Be3 {C40: Latvian and Elephant Gambits} Nc6 7. Nbd2 $146 ({Predecessor:} 7. c3 f5 8. h3 O-O-O+ 9. Kc2 Bxf3 10. gxf3 f4 {0-1 (41) Suslov,S-Rychkov,B Ozery 1997}) 7... O-O-O 8. c3 {The position is equal.} Nf6 9. Kc2 Kb8 10. Ng5 Bh5 11. Bc4 Rd7 12. f3 $1 h6 13. Nh3 g5 14. g4 Bg6 15. Nf2 Be7 {[#]} ({Black should try} 15... Nd5 $14 16. Bxd5 Rxd5) 16. Bb5 (16. Nd3 $1 $16) 16... Rhd8 (16... Nd5 $1 $11 {keeps the balance.} 17. Rae1 Nxe3+ 18. Rxe3 h5) 17. Nc4 {[%cal Bd2c4,Bc4a5,Ba5c6][%mdl 32] Threatens to win with Bxc6.} Bd6 $2 (17... Nd5 $1 $14 18. Rad1 Na5) 18. Rad1 $18 a6 19. Bxc6 $1 bxc6 20. Na5 Ka8 21. Nxc6 Re8 22. Kc1 Re6 23. h4 Bc5 24. Bxc5 Rxc6 25. Rxd7 Nxd7 26. Be3 f6 27. hxg5 hxg5 28. Rh8+ Kb7 29. Nd3 Rd6 30. Kc2 Nb6 $2 {[#]} (30... Re6 31. Rg8 Be8) 31. Nc5+ Kc6 {If only Black now had time for ...Nc4....} 32. Nxa6 Nc4 33. Nb4+ Kd7 34. Bc1 Bf7 35. b3 Nb6 (35... Na5 $142 36. Be3 Nb7) 36. Nd3 {White is clearly winning.} Kc6 37. Ba3 Rd7 38. Rh6 Nc8 39. Rxf6+ Nd6 40. Nxe5+ {[%mdl 64] Double Attack. Accuracy: White = 70%, Black = 21%.} 1-0

[Event "XXVII Actius Vallfogona Open"]
[Site "Vallfogona de Balaguer"]
[Date "2019.09.22"]
[Round "1.3"]
[White "Sola Sendra, Francesc"]
[Black "Henriquez Villagra, Cristobal"]
[Result "0-1"]
[WhiteElo "1689"]
[BlackElo "2587"]
[Annotator "TA RC"]
[PlyCount "30"]
[EventDate "2019.09.22"]
[EventCountry "ESP"]
[SourceTitle "playchess.com"]
[Source "ChessBase"]
[SourceQuality "1"]

{[%evp 16,52,7,0,16,-10,0,-70,-26,-37,-25,-84,-81,-228,-229,-220,-190,-215,-108,-288,-262,-272,-202,-247,-159,-272,-279,-456,-443,-578,-512,-429,-321,-590,-575,-730,-729,-1343,-1319]} 1. Nf3 Nf6 2. d4 d5 3. c4 c6 4. g3 Bg4 5. Bg2 e6 6. O-O Nbd7 7. b3 Be7 8. Bb2 O-O 9. Nbd2 Bh5 {D11: Slav Defence: 3 Nf3 sidelines and 3...Nf6 4 e3 Bg4} (9... a5 10. a3 Qb6 11. h3 Bh5 12. Qc2 Bg6 13. Qc3 Ne4 14. Nxe4 Bxe4 15. Rac1 Qd8 16. h4 Bd6 17. Bh3 Qe7 18. c5 {0-1 (64) Nozdrachev,V (2486)-Kovalenko,I (2657) St Petersburg 2018}) 10. Re1 Ne4 11. Nf1 $146 ({White should try} 11. Rf1 $11) ({Predecessor:} 11. Ne5 Nxe5 12. Nxe4 dxe4 13. dxe5 Bb4 14. Bxe4 Bxe1 15. Qxe1 Qe7 16. Qa5 c5 17. Re1 {1-0 (46) Rakus,P (2106)-Kiss,P (2413) Banska Stiavnica 2007}) 11... a5 {Black is slightly better.} 12. a3 f5 13. cxd5 (13. N3d2 $11 {remains equal.}) 13... exd5 $17 14. Ne5 (14. N3d2 $17) 14... Nxe5 $19 15. dxe5 Bc5 {Played: Qd8-b6} 0-1

[Event "XXVII Actius Vallfogona Open"]
[Site "Vallfogona de Balaguer"]
[Date "2019.09.22"]
[Round "1.4"]
[White "Moskalenko, Viktor"]
[Black "Mas Mestres, Jordi"]
[Result "1-0"]
[WhiteElo "2475"]
[BlackElo "1861"]
[Annotator "TA"]
[PlyCount "63"]
[EventDate "2019.09.22"]
[EventCountry "ESP"]
[SourceTitle "playchess.com"]
[Source "ChessBase"]
[SourceQuality "1"]

{[%evp 23,63,0,0,-14,46,48,42,11,49,6,62,43,104,72,319,313,318,207,218,181,185,131,140,137,133,136,204,202,199,200,190,160,222,222,419,361,364,358,816,385,1020,211]} 1. d4 Nf6 2. Bg5 e6 3. Nd2 d5 4. e3 Be7 5. c3 Nbd7 6. Ngf3 c5 7. Bd3 b6 8. O-O Bb7 9. Ne5 O-O 10. f4 Ne4 11. Bxe7 Qxe7 12. Nxd7 Qxd7 13. Nf3 {D03: 1 d4 d5 2 Nf3 Nf6 3 Bg5, including Torre Attack with early ...d5} f5 (13... Qc7 $11) (13... f6 14. Qc2 Qc6 15. Nd2 a5 16. a4 Nxd2 17. Qxd2 Ba6 18. Bxa6 Rxa6 19. b4 axb4 20. cxb4 Rxa4 21. Rxa4 Qxa4 22. dxc5 bxc5 23. bxc5 {1-0 (53) Pierrot,J (2392)-Kapitanchuk,T (2253) Montevideo 2018}) 14. Ne5 Qe7 15. Qe2 {White is slightly better.} a5 $146 ({Predecessor:} 15... Nd6 16. h3 Nf7 17. Nf3 c4 18. Bc2 b5 {½-½ (18) Hack,T (1990)-Steffens,K (1916) Germany 2012}) 16. a4 Rf6 (16... Nd6 $11) 17. Rfd1 Rh6 (17... Nd6 $14) 18. Bxe4 dxe4 $2 (18... fxe4 $16 19. b3 Ba6) 19. dxc5 $18 Ba6 20. Qf2 Qxc5 21. Rd4 Bd3 22. Nxd3 (22. Rd1 $18) 22... exd3 $16 23. Rxd3 e5 24. Rad1 Re8 (24... exf4 $16 25. exf4 Qxf2+ 26. Kxf2 Rxh2) 25. Rd5 $1 $18 {[%cal Rd5c5]} Qc4 26. fxe5 Qxa4 27. Qxf5 {White wants to mate with Rf1.} Qh4 (27... Rf8 $16 {was worth a try.} 28. Qd3 Qh4) 28. Qf4 Qh5 $2 {[#]} (28... g5 {was necessary.} 29. Qxh4 gxh4) 29. e6 $1 Qg6 (29... Rexe6 30. Rxh5) 30. Rd6 Rh5 $2 {[#]} (30... Qf6 31. Qc4 Kh8) 31. Rf1 (31. e7 $142 $1 Qf7 (31... Rxe7 32. Rxg6) 32. Rd8 $1 {[%mdl 512]} Qxf4 33. Rxe8+ (33. exf4 Kf7 $16) 33... Kf7 34. Rf8+ {[%mdl 64] Skewer} (34. exf4 Kxe8 35. Re1 Rd5 $16) 34... Kxe7 35. Rxf4 (35. exf4 Kxf8 36. h3 Rf5 $16)) 31... h6 $2 {[#]} (31... Qf6 32. Rxb6 Qxf4 33. exf4 g6) 32. Qf7+ $2 {Accuracy: White = 40%, Black = 22%.} (32. e7 $1 Rf5 (32... Rxe7 33. Rxg6) 33. Qxf5 Qxf5 34. Rxf5 Rxe7 35. Rxb6) 1-0

[Event "XXVII Actius Vallfogona Open"]
[Site "Vallfogona de Balaguer"]
[Date "2019.09.22"]
[Round "1.5"]
[White "Arno Bendicho, Xenia"]
[Black "Movsziszian, Karen"]
[Result "0-1"]
[WhiteElo "1774"]
[BlackElo "2475"]
[Annotator "TA"]
[PlyCount "60"]
[EventDate "2019.09.22"]
[EventCountry "ESP"]
[SourceTitle "playchess.com"]
[Source "ChessBase"]
[SourceQuality "1"]

{[%evp 17,60,9,25,37,46,37,49,9,22,0,20,0,4,-26,-31,-31,27,31,35,15,19,10,12,-36,-24,-16,32,44,34,-240,-247,-237,-210,-716,-707,-839,-789,-1329,-1325,-2362,-1519,-29990,-29991,-29998,-29999]} 1. c4 d6 2. g3 g6 3. Bg2 Bg7 4. Nc3 e5 5. Nf3 f5 6. d3 Nf6 7. b4 O-O 8. Bb2 h6 9. O-O g5 10. Nd2 {A10: English Opening: Unusual Replies for Black} c6 $146 ({Predecessor:} 10... Nc6 11. b5 Nd4 12. e3 Ne6 13. Nd5 f4 14. Re1 Nc5 15. Nb3 Na4 16. Ba3 Ng4 17. Nd2 Nb6 {1-0 (48) Vaganian,R (2590)-Shabalov,A (2535) Neu Isenburg 1992}) 11. e3 Be6 12. Qc2 {White is slightly better.} Nbd7 13. Nb3 f4 14. exf4 gxf4 15. Ne4 Nxe4 16. dxe4 f3 (16... Qe7 $15) 17. Bh1 $11 Qe7 18. Qd3 Bg4 19. Nd2 {[%cal Rh1f3]} Qf6 20. c5 {[%mdl 64] Decoy} dxc5 21. bxc5 Nxc5 22. Qc4+ {[%mdl 64] Double Attack} Ne6 {[%cal Bc5e6,Be6d4,Bd4e2][%mdl 32] [#]} 23. Ba3 $2 {[%mdl 8192]} (23. Nxf3 $1 $14 {[%mdl 512]} Bxf3 24. Bxf3) 23... b5 $19 24. Qb3 Rf7 {Hoping for ...Nd4.} 25. Rfc1 $2 (25. Bb2 Bf8 26. h3 Bxh3 27. Nxf3 Bxf1 28. Rxf1) 25... Nd4 26. Qe3 h5 27. h4 Bh6 28. Qe1 Rd8 {Strongly threatening ...Ne2+.} 29. Nb3 Ne2+ {[%mdl 64] Double Attack} 30. Kh2 {[#]} Qxh4+ $1 {[%mdl 512] Accuracy: White = 23%, Black = 56%.} 0-1

[Event "XXVII Actius Vallfogona Open"]
[Site "Vallfogona de Balaguer"]
[Date "2019.09.22"]
[Round "1.6"]
[White "Oliva Castaneda, Kevel"]
[Black "Herreros Angrill, Jaume"]
[Result "1-0"]
[WhiteElo "2470"]
[BlackElo "1810"]
[Annotator "TA"]
[PlyCount "68"]
[EventDate "2019.09.22"]
[EventCountry "ESP"]
[SourceTitle "playchess.com"]
[Source "ChessBase"]
[SourceQuality "1"]

{[%evp 10,68,20,18,15,16,28,22,52,-26,-27,-35,-29,-94,-106,-109,-115,-131,-121,-136,-111,-101,4,0,-6,0,0,0,37,36,49,0,87,21,54,54,54,64,59,52,63,77,74,59,80,73,191,192,190,190,505,502,496,495,524,521,541,505,500,0,499]} 1. d4 Nf6 2. c4 e6 3. g3 d5 4. Nf3 Bb4+ 5. Bd2 Bxd2+ 6. Qxd2 Nbd7 {E11: Bogo-Indian} 7. Bg2 c6 8. O-O dxc4 9. Na3 $146 (9. a4 $14) ({Predecessor:} 9. a4 Rb8 10. Rc1 b6 11. Rxc4 c5 12. b4 Ba6 13. Rc2 cxb4 14. Qxb4 {½-½ (27) Timman,J (2601)-Jobava,B (2717) Hoogeveen 2014}) 9... b5 $11 10. Ng5 Qb6 11. Qb4 (11. b3 $11 {remains equal.}) 11... Bb7 12. Rfd1 h6 13. Nh3 Nd5 14. Qd6 g5 15. Rac1 Qc7 {[#]} (15... O-O-O $17 16. Nc2 Rhg8) 16. Nxb5 $1 {[%mdl 512]} cxb5 17. Qxc7 Nxc7 18. Bxb7 Rd8 (18... Rb8 $5 {[%cal Rb8b7]} 19. Bc6 Rb6 $11) 19. b3 Nb6 20. bxc4 Nxc4 {[#]} (20... bxc4 $11 {keeps the balance.} 21. f4 f6) 21. Bc6+ ({White should play} 21. a4 $1 $16 {[%mdl 512] Hoping for axb5.} a6 {[#]} (21... bxa4 22. Rxc4) 22. Bxa6 $1 {[%mdl 512]}) 21... Ke7 {[#]} 22. Bxb5 $1 {[%mdl 576] Remove Defender} Nxb5 23. Rxc4 e5 24. e3 {And now Rc5 would win.} Rd5 25. a4 Nd6 26. Rc7+ Ke6 27. f3 Ra5 (27... Rc8 $16 28. Rxa7 Rc4) 28. dxe5 $18 Rxe5 29. Nf2 $36 {[%mdl 2048] aiming for Nd3. White has strong initiative.} Rxe3 $2 (29... Ra5 30. Rd4 Rd5 31. Rxd5 (31. Rxa7 Rxd4 32. exd4 Kd5 $16) 31... Kxd5 32. e4+ (32. Rxa7 f5 $18) 32... Ke6 33. Rxa7 Rc8) 30. Rc6 Rd8 31. Ne4 $1 {[%cal Re4d6]} Rxe4 32. fxe4 Ke5 33. Rd5+ Ke6 34. Rd1 Ke5 $1 {Accuracy: White = 49%, Black = 38%.} 1-0

[Event "XXVII Actius Vallfogona Open"]
[Site "Vallfogona de Balaguer"]
[Date "2019.09.22"]
[Round "1.7"]
[White "Voltes Miret, Andreu"]
[Black "Perez Mitjans, Orelvis"]
[Result "0-1"]
[WhiteElo "1714"]
[BlackElo "2409"]
[Annotator "TA"]
[PlyCount "76"]
[EventDate "2019.09.22"]
[EventCountry "ESP"]
[SourceTitle "playchess.com"]
[Source "ChessBase"]
[SourceQuality "1"]

{[%evp 9,76,4,2,2,6,10,72,74,121,14,16,0,4,8,12,5,55,55,54,36,40,-55,23,18,52,0,17,0,0,0,0,4,29,16,12,0,0,-24,-14,-44,-39,-35,-42,-45,-24,-165,-165,-158,-154,-219,-220,-286,-267,-371,-362,-402,-377,-604,-585,-681,-665,-2517,-2375,-1594,-1504,-3501,-2936,-29985,-29985]} 1. c4 e5 2. Nf3 Nc6 3. e3 e4 4. Nd4 Nxd4 5. exd4 Qf6 6. d5 {A20: English Opening: 1...e5} Bc5 {[%csl Gc5][%cal Rf6f2] [#]} 7. Qe2 {White wants to play Nc3.} d6 $146 (7... Qe7 $11 {keeps the balance.}) ({Predecessor:} 7... Qg6 8. d3 Nf6 9. f3 O-O 10. dxe4 d6 11. Nc3 Nd7 12. Be3 {1-0 (54) Walsh,H (2616)-Hernandez Molina,D (2302) ICCF email 2007}) 8. Nc3 $16 {White is better.} Bf5 9. Nxe4 ({Better is} 9. d3 $16) 9... Bxe4 $11 10. Qxe4+ Kf8 $132 {[%mdl 2048] Black is not keeping still} 11. Qf3 Re8+ 12. Be2 Qxf3 13. gxf3 Nh6 14. a3 Nf5 {...Nd4 is the strong threat.} 15. b4 (15. Kf1 $1 $14) 15... Bd4 (15... Nd4 $15 16. bxc5 dxc5) 16. Ra2 f6 17. Kd1 (17. d3 $14) 17... Bxf2 18. Bb2 Bd4 19. Bd3 Bxb2 20. Bxf5 Bd4 (20... Be5 {with more complications.} 21. h4 g6 22. Be6 Kg7 23. h5 f5) 21. Be6 g6 22. d3 Kg7 23. Re2 f5 24. h3 Kf6 25. Kd2 Re7 26. a4 {[#]} a5 $1 {[%mdl 512]} 27. Rb1 (27. b5 $1 $11 {and White has nothing to worry.}) (27. bxa5 Ra8) 27... axb4 $19 28. Rxb4 b6 29. Kd1 (29. h4 $17 {was called for.}) 29... Kg5 30. Kd2 Kf4 31. Rb1 Ra8 32. h4 Rxa4 33. h5 $2 (33. Kd1) 33... Kxf3 34. Rf1+ Kg3 {And now ...Ra2+ would win.} 35. hxg6 Ra2+ 36. Kd1 Ra1+ 37. Kd2 Rxf1 38. gxh7 Rxh7 {Accuracy: White = 15%, Black = 52%.} 0-1

[Event "XXVII Actius Vallfogona Open"]
[Site "Vallfogona de Balaguer"]
[Date "2019.09.22"]
[Round "1.8"]
[White "Cuartas, Jaime Alexander"]
[Black "Vidal Rosell, Jose"]
[Result "1-0"]
[WhiteElo "2523"]
[BlackElo "1742"]
[Annotator "TA"]
[PlyCount "57"]
[EventDate "2019.09.22"]
[EventCountry "ESP"]
[SourceTitle "playchess.com"]
[Source "ChessBase"]
[SourceQuality "1"]

{[%evp 9,57,56,67,54,123,109,120,121,186,102,102,102,102,102,102,99,104,99,108,102,114,104,107,109,134,109,102,95,87,74,87,80,76,80,85,6,20,2,42,50,96,93,117,109,139,131,139,139,230,228]} 1. e4 c5 2. Nf3 Nc6 3. c3 e5 4. Bc4 d6 5. O-O Be7 6. d4 {B22: Sicilian: 2 c3} Bg4 (6... cxd4 $14 7. cxd4 exd4) (6... cxd4 7. cxd4 Nf6 8. Nc3 O-O 9. d5 Nb8 10. h3 a6 11. a4 Nbd7 12. Be3 Qc7 {1-0 (43) Potapov,P (2479)-Mnatsakanian,A (2200) Sochi 2017}) 7. dxc5 $146 ({Predecessor:} 7. Qb3 Na5 8. Qa4+ Kf8 9. Be2 a6 10. Be3 b5 11. Qc2 Rc8 12. dxe5 Bxf3 13. Bxf3 dxe5 {1-0 (53) Chikhirev,V-Galuyan,A Salekhard 2008}) 7... dxc5 8. Qb3 {White is better.} Na5 (8... Kf8 $16) 9. Bxf7+ ({Better is} 9. Qa4+ $18 Kf8 10. Nxe5 Nxc4 11. Nxg4 (11. Nxc4 a6 $16) (11. Qxc4 Be6 $16)) 9... Kf8 10. Qd5 Nf6 11. Qxd8+ Rxd8 12. Bb3 Bxf3 13. gxf3 Nxb3 14. axb3 a6 15. Be3 Kf7 16. Nd2 g5 17. Rfd1 g4 18. fxg4 Nxg4 19. Nf1 Rhg8 20. Kh1 Bh4 {[#] ...Rxd1 is the strong threat.} 21. Rxd8 ({Much worse is} 21. Bxc5 $6 Rxd1 22. Rxd1 Bxf2 $11) 21... Rxd8 22. Kg2 ({Of course not} 22. Bxc5 $6 Bxf2 23. Bxf2 Nxf2+ 24. Kg2 Nxe4 $11) (22. f3 $16 Nxe3 23. Nxe3) 22... Nxe3+ $11 23. fxe3 {[%mdl 4096] Endgame KRB-KRN} Rd3 24. Kf3 Kg6 25. Ke2 Rd6 26. Nd2 b5 27. Nf3 {White is clearly better.} Bf6 28. Ne1 Bg5 (28... Be7 $16 29. Nd3 Re6) 29. Nd3 {Accuracy: White = 68%, Black = 37%.} 1-0

[Event "XXVII Actius Vallfogona Open"]
[Site "Vallfogona de Balaguer"]
[Date "2019.09.22"]
[Round "1.9"]
[White "Gensana Berzunces, Joan"]
[Black "Panelo, Marcelo"]
[Result "0-1"]
[WhiteElo "1912"]
[BlackElo "2360"]
[Annotator "TA"]
[PlyCount "68"]
[EventDate "2019.09.22"]
[EventCountry "ESP"]
[SourceTitle "playchess.com"]
[Source "ChessBase"]
[SourceQuality "1"]

{[%evp 16,68,0,-27,-23,-22,-25,-30,-18,-42,-51,-41,-50,-58,-18,-27,-19,-25,-8,-36,-18,0,0,-11,0,0,7,-20,-23,-37,-31,-133,-36,-45,-48,-98,-100,-106,-100,-126,-110,-198,-164,-199,-189,-270,-242,-312,-289,-385,-380,-363,-378,-364,-355]} 1. e4 c5 2. Nf3 d6 3. g3 Nc6 4. Bg2 Nf6 5. d3 g6 6. O-O Bg7 7. c3 O-O 8. Re1 e5 9. d4 cxd4 {A05: Réti Opening: 1 Nf3 Nf6} (9... exd4 10. cxd4 Bg4 11. dxc5 dxc5 12. Nbd2 Re8 13. h3 Bxf3 14. Qxf3 Nd7 15. Nc4 Nde5 16. Nxe5 Nxe5 17. Qe2 Nd3 18. Rd1 c4 19. Rb1 Qa5 20. b3 Nxc1 21. Rbxc1 cxb3 22. axb3 {½-½ (22) Stukopin,A (2423)-Chadaev,N (2569) Moscow 2010}) 10. cxd4 Bg4 11. dxe5 Nxe5 $146 {Black has an edge.} ({Predecessor:} 11... dxe5 12. Qb3 Qd7 13. Bg5 Rfe8 14. Nc3 Nd4 15. Nxd4 exd4 16. e5 Be6 17. Qxb7 {½-½ (59) Kuznesov,A (2286)-Karlson,V (2190) Moscow 2009}) 12. h3 Nxf3+ 13. Bxf3 Bxh3 14. Nc3 Qd7 15. Bf4 Rad8 16. Qd2 Bg4 (16... Qe6 {looks sharper.} 17. Rad1 h5 18. Bxd6 Ng4 19. Qd5 Qf6) 17. Bg2 Nh5 18. Be3 a6 19. Rac1 Rc8 20. Nd5 {Strongly threatening Rxc8.} Rc6 21. Bg5 {Threatens to win with Ne7+.} Re8 22. Rxc6 bxc6 23. Nf4 {[#]} (23. Nb6 $15 Qe6 24. Be3) 23... Nxf4 ({Black should try} 23... Nxg3 $1 $17 {[%mdl 512]} 24. b3 (24. fxg3 h6 $17) 24... Nh5) 24. Bxf4 $15 Be5 25. f3 Bxf4 26. Qxf4 Be6 27. Rd1 d5 28. e5 (28. Kh2 $17) 28... c5 29. Bf1 Qb7 30. Qa4 (30. Rd2 {is a better defense.}) 30... Rb8 $19 31. b3 {[#]} c4 $1 {[%mdl 512]} 32. bxc4 dxc4 {Black is winning.} 33. Qa3 Qb6+ 34. Kg2 h5 {Played: Qb6-b2} 0-1

[Event "XXVII Actius Vallfogona Open"]
[Site "Vallfogona de Balaguer"]
[Date "2019.09.22"]
[Round "1.10"]
[White "Cruz, Jonathan"]
[Black "Vinuesa Sorli, Ruben"]
[Result "1-0"]
[WhiteElo "2409"]
[BlackElo "1696"]
[Annotator "TA"]
[PlyCount "37"]
[EventDate "2019.09.22"]
[EventCountry "ESP"]
[SourceTitle "playchess.com"]
[Source "ChessBase"]
[SourceQuality "1"]

{[%evp 14,37,17,11,70,36,44,46,53,54,101,91,97,26,31,15,65,65,195,200,264,249,378,374,986,893]} 1. e4 e5 2. Nf3 Nc6 3. Bb5 a6 4. Ba4 Nf6 5. O-O Be7 6. d3 b5 7. Bb3 d6 8. c3 Nb8 {C84: Closed Ruy Lopez: Unusual White 6th moves} ({Black should try} 8... O-O $11) (8... Na5 9. Bc2 c5 10. d4 cxd4 11. cxd4 O-O 12. h3 Re8 13. d5 Bd7 14. Nc3 Qb8 15. Bd3 Rc8 16. Ne2 {0-1 (40) Carlsen,M (2882)-Ding,L (2805) Saint Louis 2019}) 9. Nbd2 {[%cal Bb1d2,Bd2f1,Bf1g3][%mdl 32]} Bb7 $146 ({Predecessor:} 9... O-O 10. h3 Nbd7 11. Re1 Bb7 12. Nf1 c5 13. Ng3 g6 14. Nh2 Re8 15. Nf3 Bf8 16. Bg5 Bg7 17. Nh2 Qc7 18. Qf3 Rf8 19. h4 h6 20. Bd2 Nb6 21. Bxh6 Bxh6 22. Qxf6 Nd7 23. Qxg6+ {1-0 (23) Lasinger,M (1587)-Pilsan,M (1506) Marz 2013}) 10. Re1 O-O {White is slightly better.} 11. Nf1 h6 12. Ng3 Re8 13. h3 (13. Nh4 $16) 13... Bf8 $11 14. Nh4 c6 15. Ng6 Qc7 ({Better is} 15... Nbd7 $14) 16. Qf3 $18 {aiming for Nf5.} d5 17. Nxf8 Rxf8 {[#]} (17... Kxf8 {was worth a try.} 18. Bxh6 Nbd7) 18. Bxh6 $1 {[%mdl 512]} Qd6 $2 {[#]} (18... Nbd7 19. Nf5 g6 20. Ne7+ Kh8 21. Bxf8 Rxf8 22. exd5 cxd5 23. Bxd5 Nxd5) (18... gxh6 19. Qxf6) 19. Nf5 {Played: Bh6xg7} 1-0

[Event "XXVII Actius Vallfogona Open"]
[Site "Vallfogona de Balaguer"]
[Date "2019.09.22"]
[Round "2.1"]
[White "Munoz, Miguel"]
[Black "Saguillo Gonzalez, Oriol"]
[Result "1-0"]
[WhiteElo "2519"]
[BlackElo "2121"]
[Annotator "TA RC"]
[PlyCount "95"]
[EventDate "2019.09.22"]
[EventCountry "ESP"]
[SourceTitle "playchess.com"]
[Source "ChessBase"]
[SourceQuality "1"]

{[%evp 20,94,33,-1,33,27,42,41,70,50,77,72,119,45,70,71,77,68,220,225,225,211,198,213,212,211,263,259,263,258,247,251,269,265,247,219,215,227,231,233,300,276,273,277,297,291,322,314,322,319,368,327,326,308,1123,1111,1096,1073,1047,1014,797,576,12641,7707,12845,12845,12846,12846,12846,12847,29994,29995,29995,12850,29999,12849,29999]} 1. e4 c5 2. g3 Nc6 3. Bg2 g6 4. Ne2 Bg7 5. c3 e5 6. d3 Nge7 7. Be3 d6 8. O-O O-O 9. f4 f5 10. Nd2 Kh8 11. Nf3 {LiveBook: 5 Games} fxe4 {B20: Sicilian: Unusual White 2nd moves} 12. dxe4 b6 (12... Be6 13. Qd2 Qc7 14. Ng5 Bg8 15. Bh3 Rf6 16. f5 h6 17. Ne6 Bxe6 18. fxe6 Ng8 19. Rxf6 Nxf6 20. Bxh6 Nxe4 {½-½ (32) Bartel,M (2617)-Gashimov,V (2733) Warsaw 2010}) 13. Qd2 Ba6 {White is slightly better.} 14. Rad1 {[%cal Ba1d1,Bd1d5,Bd5d6][%mdl 32]} d5 15. exd5 Nxd5 {Black wants to play ...exf4.} 16. Qxd5 (16. Nxe5 $16 Nxe5 17. fxe5 (17. Bxd5 Nc4 $11) (17. Qxd5 Bxe2 18. fxe5 Bxf1 $17) 17... Nxe3 18. Qxe3 Rxf1+ 19. Rxf1) 16... Qxd5 17. Rxd5 Bxe2 18. Re1 Bc4 $2 {[#]} (18... Bxf3 $14 19. Bxf3 Rae8) 19. Rd6 $18 exf4 20. Bxf4 Rac8 $146 21. Nd2 Na5 22. b4 Bxc3 23. bxa5 {Black must now prevent Rc1.} Bxa2 24. axb6 axb6 25. Re7 {And now Ne4 would win.} Rcd8 26. Ne4 Rxd6 27. Bxd6 Bd4+ 28. Kh1 {Strongly threatening Ra7.} Bd5 29. h4 Rd8 {Threatening ...Bxe4.} 30. Bc7 {[%mdl 64] [#] Double Attack} Ra8 31. Bxb6 Ra1+ 32. Kh2 Ra2 33. Kh3 ({Not} 33. Bxc5 Bxc5 34. Nxc5 Rxg2+ 35. Kh3 Rf2 $11) 33... Rb2 34. Bc7 ({Weaker is} 34. Bxc5 Bxc5 35. Re5 (35. Nxc5 Bxg2+ 36. Kg4 h6 $11) 35... Bxe4 $11) 34... c4 35. Be5+ Bxe5 36. Rxe5 Bxe4 $2 (36... Rb5 37. Kg4 Bc6 38. Rxb5 Bxb5) 37. Rxe4 {[%mdl 4096] Endgame KRB-KR} c3 38. Rc4 Rb3 39. Rc7 Ra3 40. Bd5 h6 41. Be4 g5 42. hxg5 hxg5 43. Kg4 Ra4 44. Kf5 Ra5+ 45. Kg6 {[%cal Rc7c8]} Ra6+ 46. Bc6 (46. Kf7 $142 Ra8 47. Bxa8 Kh7 48. Rxc3 Kh8 49. Be4 g4 50. Rc8#) 46... c2 47. g4 (47. Rc8# $142) 47... c1=Q 48. Rc8# {Accuracy: White = 76%, Black = 17%.} 1-0